000 00542nam a2200193Ia 4500
003 IN-BaIIA
008 211028s9999 xx 000 0 eng d
040 _cIIA Library
080 _a538
_bBAT
100 _aBates, L. F
_92771
245 0 _aModern magnetism
_cL. F. Bates
250 _a3rd ed.
260 _aCambridge
_bCambridge University Press
_c1951
300 _axii, 506p.
650 _aMagnetic properties
_92241
650 _aMagnetism
_956
650 _aNASA Thesaurus
942 _cBK
999 _c1336
_d1336